Jaimie Alexander Filmography - Statistics

General Stats
  • This quiz has been taken 4 times
    2 since last reset
  • The average score is 6 of 41
Answer Stats
Type Year Name % Correct
TV Show 2014, 2015 Marvel's Agents of S.H.I.E.L.D.
100%
Film 2011 Thor
100%
Video Game 2011 Thor: God of Thunder
100%
Film 2013 Thor: The Dark World
100%
Web Series 2021 Loki
50%
Film 2022 Thor: Love and Thunder
50%
Web Series 2021 What If...?
50%
TV Show 2015-2020 Blindspot
0%
TV Show 2009 Bones
0%
Documentary Series 2018 Breaking Big
0%
Film 2014 Broken Vows
0%
Film 2013 Collision
0%
TV Show 2011 Covert Affairs
0%
TV Show 2009 CSI: Miami
0%
Film 2007 Hallowed Ground
0%
TV Show 2005, 2025 It's Always Sunny in Philadelphia
0%
TV Show 2007-2009 Kyle XY
0%
Film 2022 Last Seen Alive
0%
Film 2018 London Fields
0%
Film 2011 Loosies
0%
Film 2010 Love & Other Drugs
0%
TV Show 2011 Nurse Jackie
0%
TV Pilot 2014 Open
0%
TV Show 2012 Perception
0%
Film 2006 Rest Stop
0%
Film 2013 Savannah
0%
Music Video 2008 Save You
0%
Film 2004 Squirrel Trap
0%
TV Show 2006 Standoff
0%
Short Film 2011 The Birds of Anger
0%
TV Show 2015 The Brink
0%
Short Film 2008 The Face of Purgatory
0%
TV Show 2017 The F Word
0%
Film 2013 The Last Stand
0%
Film 2022 The Minute You Wake Up Dead
0%
Film 2006 The Other Side
0%
TV Special 2017 The Paley Center Salutes NBC's 90th Anniversary
0%
Film TBA The Very Best People
0%
TV Show 2010 Ultradome
0%
TV Show 2014 Under the Gunn
0%
TV Show 2006-2007 Watch Over Me
0%
No matching quizzes found
Score Distribution
Percent of People with Each Score
Percentile by Number Answered
Your Score History
You have not taken this quiz since the last reset